000 00960nam a2200277 a 4500
001 67949
003 BD-RjUL
005 20211209081720.0
008 170329s1992 mau b 001 0 eng d
020 _a0674564642 (acidfree paper) :
035 _a(BD-RjUL)68158
040 _aDLC
_cDLC
_dDLC
_dBD-RjUL
_beng
041 _aeng
082 0 0 _a155.5
_223
_bBRM 1992
100 1 _aBrown, Lyn Mikel,
_d1956-
_9201414
245 1 0 _aMeeting at the crossroads :
_bwomen's psychology and girls' development /
_cLyn Mikel Brown and Carol Gilligan.
260 _aCambridge :
_bHarvard University Press,
_c1992.
300 _aviii, 258 p. ;
_c24 cm.
504 _aIncludes bibliographical references (p. 245-252) and index.
650 0 _aGirls
_xPsychology.
_9201415
650 0 _aTeenage girls
_xPsychology.
_9201416
650 0 _aAdolescent psychology.
_9201417
650 0 _aWomen
_xPsychology.
_9201418
700 1 _aGilligan, Carol,
_d1936-
_9201419
942 _2ddc
_cBK
999 _c67949
_d67949